[Event "25th Open"]
[Site "Cappelle la Grande FRA"]
[Date "2009.03.02"]
[Round "3"]
[White "Corrales Jimenez,F"]
[Black "Manet,E"]
[Result "1-0"]
[WhiteElo "2586"]
[BlackElo "2009"]

1.d4 Nf6 2.Bg5 c5 3.d5 Qb6 4.Nc3 Qxb2 5.Bd2 Qb6 6.e4 d6 7.f4 a6 8.e5 dxe5
9.fxe5 Ng4 10.e6 f5 11.h3 Nf6 12.Qf3 Bxe6 13.Rb1 Bxd5 14.Rxb6 Bxf3 15.Nxf3 Ra7
16.a4 Nbd7 17.Re6 g6 18.Bc4 Bg7 19.O-O Nf8 20.Re2 Nh5 21.Rfe1 b6 22.Nd5 e6
23.Kh2 Nf6 24.Nxf6+ Bxf6 25.Bxe6 Re7 26.Bc4 Nd7 27.Rxe7+  1-0

[Event "25th Open"]
[Site "Cappelle la Grande FRA"]
[Date "2009.03.03"]
[Round "5"]
[White "Leon Hoyos,M"]
[Black "Piot,O"]
[Result "1-0"]
[WhiteElo "2542"]
[BlackElo "2252"]

1.d4 Nf6 2.Bg5 c5 3.Bxf6 gxf6 4.d5 Qb6 5.Qc1 Bh6 6.e3 f5 7.c4 f4 8.exf4 Bxf4
9.Qxf4 Qxb2 10.Ne2 Qxa1 11.Nc3 d6 12.Qd2 Bf5 13.Be2 Rg8 14.g3 Bh3 15.f3 a5
16.Kf2 Ra6 17.Rd1 Rb6 18.Qd3 Bd7 19.Nd2 Qb2 20.Rb1 Na6 21.Rxb2 Rxb2 22.a3 Rg6
23.Nb5 Ra2 24.Qc3 f6 25.Bd3 Rh6 26.h4 Bxb5 27.cxb5 Nc7 28.Bc4  1-0

[Event "Tancats de la Societat Coral C IM"]
[Site "Sabadell ESP"]
[Date "2009.03.06"]
[Round "7"]
[White "Avila Jimenez,J"]
[Black "Gonzalez Rodriguez,JA"]
[Result "0-1"]
[WhiteElo "2221"]
[BlackElo "2407"]

1.d4 Nf6 2.Bg5 c5 3.d5 e5 4.dxe6 fxe6 5.e4 Nc6 6.Nc3 Be7 7.f4 d5 8.e5 Ng8
9.h4 a6 10.Qh5+ g6 11.Qg4 Bxg5 12.hxg5 Qa5 13.O-O-O Nge7 14.Kb1 Bd7 15.Rh3 O-O-O
16.Nf3 Nf5 17.Nd2 b5 18.Rc1 c4 19.Qe2 b4 20.Nd1 Qb6 21.Qf2 Qb7 22.Qc5 Kb8
23.Ne3 Ncd4 24.Nxf5 Nxf5 25.a3 bxa3 26.Qxa3 Nd4 27.Qa5 Rc8 28.Ka1 Ka8 29.Ra3 Bb5
30.Nf3 Nxf3 31.Rxf3 d4 32.Be2 d3 33.cxd3 cxd3 34.Rxc8+ Rxc8 35.Bxd3 Rc1+
36.Bb1 Rd1 37.Rc3 Kb8 38.Qa3 Qd7 39.Qc5 Kb7 40.Rc1 Rd4 41.g3 Ra4+ 42.Ba2 Bc6
43.Rc4 Qd1+ 44.Rc1 Qd5 45.b3 Qxc5 46.Rxc5 Rd4 47.Bb1 Rd1 48.Kb2 Rg1 49.Rc3 a5
50.Bd3 Bd5 51.Bb5 Kb6 52.Be8 Be4 53.Re3 Rg2+ 54.Kc3 Rc2+ 55.Kd4 Bd5 56.Ba4 Rd2+
57.Rd3 Rg2 58.Be8 Re2 59.Ba4 Re4+ 60.Kc3 Kc5 61.Be8 Re2 62.Ba4 Be4 63.Rd2 Re3+
64.Kb2 Rxg3 65.Rh2 Rf3 66.Rxh7 Rxf4 67.Ra7 Kb4 68.Rd7 Rf2+ 69.Kc1 Bd5 70.Rh7 Rg2
71.Rh4+ Kc3 72.Rh3+ Kd4 73.Be8 Rxg5 74.Rh4+ Kc3 75.Rh3+ Kb4 76.Ba4 Rg2 77.Rh4+ Kc3
78.Rh3+ Kd4 79.Rh4+ Kxe5 80.b4 g5  0-1

[Event "10th EICC w"]
[Site "St Petersburg RUS"]
[Date "2009.03.09"]
[Round "2"]
[White "Rajlich,I"]
[Black "Komiagina,M"]
[Result "1/2-1/2"]
[WhiteElo "2399"]
[BlackElo "2283"]

1.d4 Nf6 2.Bg5 c5 3.Bxf6 gxf6 4.d5 Qb6 5.Qc1 f5 6.e3 Bg7 7.c3 d6 8.Nd2 Nd7
9.Nh3 Nf6 10.Bc4 Qc7 11.Nf4 Bd7 12.a4 Ng4 13.Nh5 Bh6 14.Nf3 O-O-O 15.h3 Ne5
16.Nxe5 dxe5 17.f4 e6 18.O-O exd5 19.Bxd5 Bc6 20.c4 Bxd5 21.cxd5 Rxd5 22.Qc4 Rhd8
23.Rac1 Qc6 24.Qb5 Qxb5 25.axb5 Kb8 26.Nf6 R5d6 27.Nxh7 exf4 28.exf4 Bg7
29.Kh2 Bxb2 30.Rxc5 f6 31.Rxf5 Rh8 32.Rh5 Rd2 33.Rf3 Rd7 34.Rb3 Bd4 35.Rb4 Bc3
36.Rc4 Bb2  1/2-1/2

[Event "10th EICC"]
[Site "Budva MNE"]
[Date "2009.03.10"]
[Round "5"]
[White "Pankov,Ger"]
[Black "Ibarra Jerez,JC"]
[Result "1/2-1/2"]
[WhiteElo "2392"]
[BlackElo "2513"]

1.d4 Nf6 2.Bg5 c5 3.d5 Ne4 4.Bf4 e6 5.f3 Nf6 6.e4 exd5 7.exd5 d6 8.Ne2 Nh5
9.Be3 Be7 10.Qd2 O-O 11.Nbc3 a6 12.O-O-O Nd7 13.g4 Nhf6 14.g5 Ne8 15.Ng3 f5
16.f4 b5 17.Bf2 Ra7 18.Re1 Nb6 19.Nd1 Nc7 20.Ne3 Bxg5 21.fxg5 f4 22.Bg2 fxe3
23.Bxe3 Bb7 24.g6 Nc4 25.gxh7+ Kh8 26.Qd3 Qf6 27.c3 Nxe3 28.Rxe3 Qg5 29.h4 Qh6
30.Re1 Bc8 31.Kb1  1/2-1/2

[Event "10th EICC w"]
[Site "St Petersburg RUS"]
[Date "2009.03.10"]
[Round "3"]
[White "Ovod,E"]
[Black "Daulyte,D"]
[Result "1-0"]
[WhiteElo "2430"]
[BlackElo "2279"]

1.d4 Nf6 2.Bg5 g6 3.Bxf6 exf6 4.c4 Bg7 5.Nc3 f5 6.g3 O-O 7.Bg2 d6 8.e3 Nd7
9.Nge2 Nf6 10.O-O c6 11.b4 Be6 12.Qd3 d5 13.c5 h5 14.h4 Ne4 15.f3 Nxc3 16.Qxc3 g5
17.hxg5 Qxg5 18.f4 Qe7 19.Kf2 h4 20.Rh1 Bf6 21.Rag1 b6 22.gxh4 Kh8 23.Ng3 a5
24.Qc2 axb4 25.cxb6 Ra3 26.Qe2 Bg7 27.Bh3 Rfa8 28.b7 Qxb7 29.Qh5+ Kg8 30.Nxf5 Rxa2+
31.Kf3 Bxf5 32.Bxf5 Kf8 33.Rxg7 Kxg7 34.Rg1+ Kf8 35.Qh8+ Ke7 36.Qe5+ Kf8
37.Qd6+ Qe7 38.Qh6+  1-0

[Event "10th EICC"]
[Site "Budva MNE"]
[Date "2009.03.12"]
[Round "7"]
[White "Fernandes,Ant"]
[Black "Djurovic,G"]
[Result "1-0"]
[WhiteElo "2422"]
[BlackElo "2279"]

1.d4 Nf6 2.Bg5 c5 3.Bxf6 gxf6 4.d5 Qb6 5.Qc1 f5 6.g3 Bg7 7.c3 Na6 8.Nd2 Nc7
9.Bg2 e6 10.Nc4 Qa6 11.Qf4 O-O 12.Nh3 exd5 13.Ne3 Ne6 14.Qxf5 d4 15.Be4 Re8
16.Qxh7+ Kf8 17.Nf5 f6 18.Nf4  1-0

[Event "10th EICC"]
[Site "Budva MNE"]
[Date "2009.03.12"]
[Round "7"]
[White "Bocharov,D"]
[Black "Kurnosov,I"]
[Result "1-0"]
[WhiteElo "2647"]
[BlackElo "2602"]

1.d4 Nf6 2.Bg5 c5 3.d5 Ne4 4.Bf4 Qb6 5.Bc1 g6 6.f3 Nf6 7.e4 d6 8.c4 Bg7 9.Bd3 O-O
10.Nc3 e6 11.Nge2 exd5 12.exd5 Nbd7 13.b3 Ne5 14.Bc2 Nh5 15.O-O f5 16.f4 Ng4
17.Qd3 Bd7 18.Bd2 Rae8 19.Rae1 Qd8 20.h3 Ngf6 21.Qf3 a6 22.a4 Rf7 23.Nc1 Rfe7
24.Rxe7 Qxe7 25.N1e2 Ng4 26.Bd3 Ngf6 27.Re1 Qd8 28.Nc1 Rxe1+ 29.Bxe1 Kf8
30.Bd2 Qb6 31.Nd1 Ne8 32.g4 Bd4+ 33.Kg2 Nhf6 34.gxf5 Bxf5 35.Bxf5 gxf5 36.Qd3 Ne4
37.Be3 Bg7 38.Bf2 Qc7 39.Ne2 N8f6 40.Ne3 Nxf2 41.Kxf2 Ne4+ 42.Kf3 Qf7 43.Nxf5 Qxf5
44.Qxe4 Qxh3+ 45.Ng3 Kf7 46.Qf5+ Qxf5 47.Nxf5 Bf8 48.Kg4 Kg6 49.Ng3 b6 50.Nh5 Bh6
51.f5+ Kf7 52.Ng3 Bf8 53.Ne4 Be7 54.Kh5 Kg7 55.f6+ Bxf6 56.Nxd6 Be5 57.Ne4 h6
58.a5 Bc7 59.Kg4 Kg6 60.d6 Bd8 61.Kf4 h5 62.Ke5 h4 63.Nf2 Kg5 64.Ke6 bxa5
65.Kd7 Bf6 66.Ne4+ Kf5 67.Nxf6 h3 68.Kc7 h2 69.d7 h1=Q 70.d8=Q Qb1 71.Nd7 Qxb3
72.Qf6+ Kg4 73.Qxa6 a4 74.Nxc5 Qg3+ 75.Qd6 Qa3 76.Qd7+ Kf4 77.Nxa4 Qb3 78.Nb6 Ke5
79.c5  1-0

[Event "10th EICC w"]
[Site "St Petersburg RUS"]
[Date "2009.03.12"]
[Round "5"]
[White "Hoang Thanh Trang"]
[Black "Socko,M"]
[Result "1/2-1/2"]
[WhiteElo "2483"]
[BlackElo "2449"]

1.d4 Nf6 2.Bg5 c5 3.Bxf6 gxf6 4.d5 Qb6 5.Qc1 f5 6.c4 Bg7 7.Nc3 d6 8.e3 Nd7
9.Qc2 Nf6 10.Bd3 e5 11.Rb1 e4 12.Be2 Qd8 13.h4 Qe7 14.Nh3 Nd7 15.Nf4 Ne5
16.Nh5 Rg8 17.Nxg7+ Rxg7 18.g3 Bd7 19.a3 Kf8 20.b4 cxb4 21.axb4 Rc8 22.Qa2 a6
23.Kd2 Rg8 24.Rhc1 Kg7 25.Qa1 Rc7 26.Nd1 Rgc8 27.Rc3 Qf6 28.Nb2 b5 29.Qxa6 bxc4
30.Nxc4 Kh8 31.Rbc1 Nxc4+ 32.Bxc4 f4 33.gxf4 Bg4 34.Qa1 Kg8 35.Bf1 Qxh4 36.Ke1 Rxc3
37.Rxc3 Rb8 38.Ra3 Qd8 39.Qd4 Bf3 40.Be2 Qc8 41.Rc3 Qg4 42.Bxf3 exf3 43.Kd2 Qh4
44.e4 Qxf4+ 45.Qe3 Qf6 46.Qxf3 Qd4+ 47.Ke2 Qxb4 48.Qg4+ Kf8 49.Rc8+ Rxc8
50.Qxc8+ Kg7 51.Qg4+ Kf8 52.Qf5 h5 53.Kf3 Qc3+ 54.Kg2 Qg7+ 55.Kh2 Qd4 56.Kh3 Qd1
57.Kh4 Qh1+ 58.Kg5 Qg2+ 59.Kxh5 Qh2+ 60.Kg5 Qg2+ 61.Kh4 Qh2+ 62.Kg5 Qg2+  1/2-1/2

[Event "10th EICC"]
[Site "Budva MNE"]
[Date "2009.03.15"]
[Round "9"]
[White "Bosiocic,Mari"]
[Black "Berkes,F"]
[Result "1/2-1/2"]
[WhiteElo "2578"]
[BlackElo "2651"]

1.d4 Nf6 2.Bg5 d5 3.Bxf6 exf6 4.e3 c6 5.c4 dxc4 6.Bxc4 Bd6 7.Nc3 O-O 8.Nf3 Nd7
9.Qc2 Re8 10.Rg1 Nf8 11.g4 a5 12.h4 a4 13.a3 Qa5 14.g5 f5 15.h5 g6 16.hxg6 hxg6
17.Kf1 Be6 18.Bxe6 Nxe6 19.Rd1 Nc7 20.e4 Nb5 21.exf5 Nxc3 22.bxc3 Qxf5 23.Qxf5 gxf5
24.Ra1 Kg7 25.c4 Bc7 26.c5 Re4 27.Rh1 Rb8 28.Rb1 b6 29.cxb6 Rxb6 30.Rxb6 Bxb6
31.Rh6 Bxd4 32.Nxd4 Rxd4 33.Rxc6 Rd3 34.Rf6 Rxa3 35.Rxf5 Ra1+ 36.Kg2 a3  1/2-1/2

[Event "10th EICC w"]
[Site "St Petersburg RUS"]
[Date "2009.03.17"]
[Round "9"]
[White "Hoang Thanh Trang"]
[Black "Rajlich,I"]
[Result "1/2-1/2"]
[WhiteElo "2483"]
[BlackElo "2399"]

1.d4 Nf6 2.Bg5 c5 3.Bxf6 gxf6 4.d5 Qb6 5.Qc1 d6 6.e3 Nd7 7.Nf3 f5 8.c4 Qb4+
9.Nc3 Bg7 10.Bd3 Nb6 11.Nd2 Bxc3 12.bxc3  1/2-1/2

[Event "10th Dos Hermanas Internet"]
[Site "ICC INT"]
[Date "2009.03.20"]
[Round "2.3"]
[White "Cheparinov,I"]
[Black "Iturrizaga,E"]
[Result "1-0"]
[WhiteElo "2679"]
[BlackElo "2528"]

1.d4 Nf6 2.Bg5 c5 3.d5 Qb6 4.Nc3 d6 5.e4 g6 6.Nf3 Bg7 7.Bb5+ Bd7 8.a4 a6
9.a5 Qc7 10.Bd3 O-O 11.O-O Bg4 12.h3 Bxf3 13.Qxf3 Nbd7 14.Qe2 Ne5 15.Ra4 Rfc8
16.Qe3 b5 17.axb6 Qxb6 18.Be2 Rcb8 19.Rb1 Qc7 20.f4 Ned7 21.b3 Rb4 22.Kh1 a5
23.Nb5 Qb7 24.c4 Nb6 25.Rxb4 axb4 26.e5 Ne8 27.Bd3 f6 28.Bh4 fxe5 29.f5 Bf6
30.fxg6 Bxh4 31.Qh6 Nf6 32.Bf5 e6 33.Bxe6+ Kh8 34.Nxd6 Qe7 35.Nf7+ Kg8 36.gxh7+ Nxh7
37.Qg6+ Kf8 38.Qxh7 Bf6 39.Rf1 e4 40.Qh6+ Bg7 41.Nd6+  1-0

[Event "47th XtraCon TCh-DEN 2008-9"]
[Site "Denmark DEN"]
[Date "2009.03.21"]
[Round "8"]
[White "Schyberg,B"]
[Black "Jacobsen,Bo"]
[Result "0-1"]
[WhiteElo "2135"]
[BlackElo "2301"]

1.d4 Nf6 2.Bg5 c5 3.d5 Qb6 4.Bc1 e6 5.Nc3 exd5 6.Nxd5 Nxd5 7.Qxd5 Be7 8.Nf3 O-O
9.e4 Nc6 10.c3 d6 11.Bc4 Bg4 12.O-O Rad8 13.Rb1 Kh8 14.Ng5 Ne5 15.Bb3 h6
16.Nh3 Be6 17.Qd1 c4 18.Bc2 d5 19.Qh5 Bf6 20.Be3 Qa6 21.f3 Bxh3 22.gxh3 Nd3
23.Kh1 Rfe8 24.Rg1 dxe4 25.Bxh6 g6 26.Rxg6 fxg6 27.Qxg6 Rg8  0-1

[Event "Copa Ajedrez Plus"]
[Site "Ramos Mejia ARG"]
[Date "2009.03.21"]
[Round "10"]
[White "Rodriguez Vila,A"]
[Black "Shcherbine,A"]
[Result "1/2-1/2"]
[WhiteElo "2524"]
[BlackElo "2171"]

1.d4 Nf6 2.Bg5 d5 3.Bxf6 exf6 4.e3 c6 5.c4 Bb4+ 6.Nc3 O-O 7.cxd5 Qxd5 8.Nf3 Qa5
9.Qd2 c5 10.Be2 cxd4 11.exd4 Nc6 12.O-O Bg4 13.a3 Bd6 14.h3 Bh5 15.b4 Qd8
16.d5 Ne7 17.Rfe1 Rc8 18.Rad1 a5 19.bxa5 Bxf3 20.Bxf3 Qxa5 21.Ne4 Qxd2 22.Rxd2 Bxa3
23.Rd3 f5 24.Nf6+ gxf6 25.Rxa3 Ng6 26.d6 Rfd8 27.Rd1 Rd7 28.Be2 Rcd8 29.Rad3 Nf4
30.Rg3+ Kf8 31.Bf1 Rxd6 32.Rxd6 Rxd6 33.Rf3 Ng6 34.Rxf5 Ne5 35.f4 Ng6 36.Kf2 Kg7
37.g3 Rb6 38.Rd5 Rb2+ 39.Ke3 Rb3+ 40.Kf2 Rb2+ 41.Ke3 Rb3+ 42.Bd3 Ne7 43.Rd7 Nc6
44.Kf2 Rb2+ 45.Kf3 Rd2 46.Ke3 Rg2 47.g4 Rg3+ 48.Kf2 Rxh3 49.Bc4 h5 50.gxh5 Rxh5
51.Rxf7+ Kg6 52.Rxb7 Rh2+ 53.Kg3 Rd2 54.Bf7+ Kh6 55.Be8 Nd4 56.Rf7 Rd3+ 57.Kg2 Rd2+
58.Kf1 Kg6 59.Rf8+ Kf5 60.Bd7+ Kxf4 61.Rxf6+ Ke3 62.Bg4  1/2-1/2

[Event "Open A"]
[Site "Zagreb CRO"]
[Date "2009.03.21"]
[Round "1"]
[White "Martinovic,Sa"]
[Black "Brigljevic,M"]
[Result "1/2-1/2"]
[WhiteElo "2427"]
[BlackElo "2294"]

1.d4 Nf6 2.Bg5 c5 3.Bxf6 gxf6 4.d5 Qb6 5.Qc1 f5 6.c4 Bg7 7.Nc3 d6 8.e3 Nd7
9.Qc2 Ne5 10.h3 Bd7 11.f4 Ng6 12.Bd3 e5 13.dxe6 fxe6 14.g4 Ne7 15.Nge2 O-O-O
16.O-O-O Rhf8 17.Ng3 Kb8 18.Rh2 d5 19.gxf5 exf5 20.cxd5 c4 21.Bxc4 Rc8 22.d6 Qxe3+
23.Qd2 Qxd2+ 24.Kxd2 Ng6 25.Bb3 Nxf4 26.Nge2 Be5 27.Rf2 Nxh3 28.Rf3 f4 29.Ne4 h6
30.Bd5 Ng5 31.Rb3 b6 32.N2c3 Nxe4+ 33.Nxe4 Ba4 34.d7 Rcd8 35.Nc5 Rxd7 36.Nxd7+ Bxd7
37.Rh1 Rd8 38.Rd3 Bb5 39.Bc4 Rxd3+ 40.Bxd3 Bxd3 41.Kxd3 Bxb2 42.Ke4 Bc3 43.Rxh6 Bd2
44.Rh7 Be3 45.Rf7 a5 46.a4 Kc8 47.Kd5 Kb8 48.Kc6 Ka8 49.Kc7 Ka7 50.Kc8+ Ka8
51.Rf6 Ka7 52.Kc7 Ka8 53.Kc6 Bc5 54.Rxf4 Kb8 55.Rg4 Bf2 56.Rg8+ Ka7 57.Rg7+ Kb8
58.Rb7+ Ka8 59.Rf7 Bc5  1/2-1/2

[Event "Spring Open"]
[Site "Belgrade SRB"]
[Date "2009.03.23"]
[Round "3"]
[White "Cicmil,S"]
[Black "Tausanov,M"]
[Result "0-1"]
[WhiteElo "2135"]
[BlackElo "1931"]

1.d4 Nf6 2.Bg5 g6 3.Bxf6 exf6 4.e4 d5 5.Bd3 dxe4 6.Bxe4 Bd6 7.Qf3 O-O 8.Ne2 Re8
9.O-O Nd7 10.Nbc3 c6 11.Rfe1 f5 12.Bd3 Qh4 13.Ng3 Rxe1+ 14.Rxe1 Nf6 15.h3 Be6
16.Ra1 Re8 17.Bf1 Nd5 18.Nxd5 Bxd5 19.Qd3 f4 20.Ne2 Qg5 21.c4 Be4 22.Qd2 Qh5
23.Nc3 f3 24.Nxe4 Rxe4 25.Rc1  0-1

[Event "Open"]
[Site "Reykjavik ISL"]
[Date "2009.03.25"]
[Round "2"]
[White "Breder,D"]
[Black "Vigfusson,V"]
[Result "1-0"]
[WhiteElo "2427"]
[BlackElo "2027"]

1.d4 Nf6 2.Bg5 d5 3.e3 e6 4.c4 c6 5.Nc3 Be7 6.Nf3 Nbd7 7.Rc1 O-O 8.Bd3 dxc4
9.Bxc4 b5 10.Bd3 a6 11.Bxf6 Nxf6 12.a4 Bb7 13.O-O Rc8 14.Qe2 Qb6 15.Nd2 c5
16.axb5 cxd4 17.bxa6 dxc3 18.axb7 Rc7 19.bxc3 Qxb7 20.Nf3 Ne4 21.c4 Nc5 22.Bc2 Bf6
23.Nd4 Rd8 24.Nb5 Rcd7 25.Bxh7+ Kf8 26.Bc2 Rd2 27.Qh5 Qc6 28.Rfd1 g6 29.Qg4 Bb2
30.Rb1 Ne4 31.Rxd2 Nxd2 32.Rxb2 Nxc4 33.Rb1 Nd2 34.Nd4 Qc3 35.Rd1 e5 36.Qg5 Re8
37.Ba4 Re7 38.Qf6 Rc7 39.Ne6+  1-0

[Event "Open A"]
[Site "Zagreb CRO"]
[Date "2009.03.26"]
[Round "6"]
[White "Brumen,D"]
[Black "Djurovic,G"]
[Result "1-0"]
[WhiteElo "2359"]
[BlackElo "2279"]

1.d4 Nf6 2.Bg5 c5 3.Bxf6 gxf6 4.d5 Qb6 5.Qc1 f5 6.g3 Bg7 7.c3 d6 8.Nd2 Nd7
9.Nc4 Qc7 10.Qg5 Bf6 11.Qxf5 b5 12.Ne3 b4 13.Qc2 bxc3 14.bxc3 Qa5 15.Rc1 Ba6
16.Nf3 Nb6 17.Bg2 Na4 18.Nd1 Rb8 19.O-O O-O 20.h4 h6 21.Re1 e6 22.dxe6 Bc4
23.Bh3 Bg7 24.e7 Rfe8 25.Bd7 Nb6 26.Bxe8 Rxe8 27.Ne3 Be6 28.Red1 Rxe7 29.Rxd6 Rd7
30.Rxd7 Nxd7 31.Nf5 Bf8 32.e4 Nf6 33.Rd1 a6 34.Ne5 Qc7 35.f4 Qb7 36.Rd8 Nxe4
37.Nxh6+ Kg7 38.f5 Nxg3 39.Qg2 Qxg2+ 40.Kxg2 Nxf5 41.Nxf5+ Bxf5 42.Kf3 Be6
43.Rd2 Be7 44.Rh2 Bd6 45.Re2 Kh6 46.Ke4 Kh5 47.Rb2 Kxh4 48.Rb6 Bxe5 49.Kxe5 Bxa2
50.Rxa6 Bb3 51.Rc6 c4 52.Rf6 Kg5 53.Rxf7 Kg6 54.Rf8 Ba2 55.Kd5 Kg7 56.Rf4 Kg6
57.Kc5 Kg5 58.Rxc4 Bxc4 59.Kxc4  1-0

[Event "TCh-AUT 2nd Bundesliga Mitte 2008-9"]
[Site "Austria AUT"]
[Date "2009.03.27"]
[Round "9"]
[White "Kubinger,T"]
[Black "Pesorda,I"]
[Result "1/2-1/2"]
[WhiteElo "2200"]
[BlackElo "2270"]

1.d4 Nf6 2.Bg5 c5 3.Nc3 cxd4 4.Qxd4 Nc6 5.Qh4 e6 6.e4 Be7 7.O-O-O h6 8.f4 Rg8
9.Bxf6 Bxf6 10.Qe1 Bxc3 11.Qxc3 Qa5 12.Qxa5 Nxa5 13.Nf3 Ke7 14.h4 b6 15.Bd3 Bb7
16.b3 Rac8 17.Kb2 d6 18.Rhe1 Nc6 19.a3 Rgd8 20.Rd2 Nb8 21.Nd4 Nc6 22.Nf3 Nb8
23.Ng1  1/2-1/2

[Event "25th Spring Festival"]
[Site "Budapest HUN"]
[Date "2009.03.27"]
[Round "8"]
[White "Corke,A"]
[Black "Monir,A"]
[Result "1-0"]
[WhiteElo "2260"]
[BlackElo "2150"]

1.d4 Nf6 2.Bg5 d5 3.Bxf6 gxf6 4.c4 c6 5.e3 e5 6.Nc3 Bb4 7.a3 Bxc3+ 8.bxc3 Be6
9.cxd5 cxd5 10.Nf3 Qa5 11.Qb3 Nd7 12.Bb5 e4 13.Nd2 Rc8 14.Rc1 Qc7 15.O-O Rg8
16.Kh1 Rg6 17.f4 a6 18.Be2 f5 19.c4 b5 20.cxd5 Qxc1 21.Rxc1 Rxc1+ 22.Nf1 Bxd5
23.Qxd5 Rc2 24.Bh5 Rgxg2 25.Qxf5 Rgf2 26.Qxe4+ Kf8 27.Kg1 Kg7 28.Bf3 a5  1-0

[Event "Open"]
[Site "Reykjavik ISL"]
[Date "2009.03.27"]
[Round "4"]
[White "Perunovic,Mio"]
[Black "Zak,Uri2"]
[Result "0-1"]
[WhiteElo "2439"]
[BlackElo "2198"]

1.d4 Nf6 2.Bg5 c5 3.d5 Ne4 4.Bf4 Qb6 5.Bc1 e6 6.f3 Qa5+ 7.c3 Nf6 8.e4 d6
9.Na3 exd5 10.exd5 Be7 11.Nc4 Qd8 12.a4 O-O 13.Ne2 Re8 14.Kf2 Nbd7 15.Ne3 Nh5
16.g4 Bh4+ 17.Ng3 Nhf6 18.Nf5 Ne5 19.Nxh4 Nfxg4+ 20.fxg4 Nxg4+ 21.Kg1 Qxh4
22.Qf3 Re1 23.Bg5 Ne5 24.Qe3 Rxe3 25.Bxh4 f6 26.Bg2 g5 27.Nf1 Re2 28.Bg3 Bh3
29.Bf2 Bxg2 30.Kxg2 Nd3 31.Kf3 Rxf2+ 32.Kg3 h5 33.Rd1 h4+ 34.Kh3 c4 35.Rg1 Nf4+
36.Kg4 f5+ 37.Kxg5 Nh3+ 38.Kf6+ Nxg1 39.Ne3 Rf8+ 40.Ke7 Nf3 41.Nxc4 Re2+
42.Kxd6 Re4 43.Na5 Nxh2 44.Nxb7 Rxa4 45.Nc5 Rg4 46.Ne6 Rf7 47.b3 Nf3 48.c4 h3
49.Rh1 h2 50.c5 Rg1 51.Rxh2 Nxh2 52.c6 Rc1  0-1

[Event "TCh-AUT 2nd Bundesliga Mitte 2008-9"]
[Site "Austria AUT"]
[Date "2009.03.28"]
[Round "10"]
[White "Kubinger,T"]
[Black "Gneiss,K"]
[Result "1-0"]
[WhiteElo "2200"]
[BlackElo "2109"]

1.d4 Nf6 2.Bg5 d5 3.Bxf6 exf6 4.e3 Bd6 5.c4 dxc4 6.Bxc4 O-O 7.Nc3 c5 8.dxc5 Bxc5
9.Bxf7+ Kxf7 10.Qh5+ Kg8 11.Qxc5 Be6 12.Rd1 Na6 13.Qa3 Qc7 14.Nge2 Rfd8 15.O-O Bc4
16.Rfe1 Nc5 17.Nf4 Qc6 18.Rd4 Rxd4 19.exd4 Re8 20.Re3 Na6 21.Re7 Qd7 22.Ncd5 Nc7
23.Nxf6+ Kh8 24.Rxe8+  1-0

[Event "TCh-AUT 2nd Bundesliga Mitte 2008-9"]
[Site "Austria AUT"]
[Date "2009.03.29"]
[Round "11"]
[White "Doric,D"]
[Black "Ennsberger,U"]
[Result "1/2-1/2"]
[WhiteElo "2485"]
[BlackElo "2315"]

1.d4 Nf6 2.Bg5 d5 3.e3 c5 4.c3 Nc6 5.Nf3 Ne4 6.Bf4 Bf5 7.Nbd2 e6 8.Nxe4 Bxe4
9.Bd3 Bxd3 10.Qxd3 Bd6 11.Bg3 h6 12.O-O O-O 13.Qe2 a6 14.Rad1 Bxg3 15.hxg3 Qe7
16.a3 Rac8 17.Rd2 Rfd8 18.Rfd1 c4 19.e4 dxe4 20.Qxe4 Rd5 21.Re1 Qc7 22.Rde2 b5
23.Qg4 Rcd8 24.Ne5 Nxe5 25.Rxe5 Rxe5 26.Rxe5 Rd5 27.Rxd5  1/2-1/2

[Event "ch-SRB"]
[Site "Kragujevac SRB"]
[Date "2009.04.02"]
[Round "1"]
[White "Ivanisevic,I"]
[Black "Damljanovic,B"]
[Result "1-0"]
[WhiteElo "2625"]
[BlackElo "2573"]

1.d4 Nf6 2.Bg5 c5 3.Bxf6 gxf6 4.d5 Qb6 5.Nd2 f5 6.e3 Qxb2 7.Rb1 Qf6 8.Bd3 d6
9.Ne2 Nd7 10.O-O Bg7 11.Ng3 Ne5 12.Bb5+ Kf8 13.Be2 Qh6 14.Rb3 Rg8 15.c4 Bh8
16.f4 Ng4 17.Bxg4 fxg4 18.Qb1 b6 19.a4 Qg6 20.Nde4 Bf5 21.Qd3 h5 22.Nxf5 Qxf5
23.Nxc5 Qxd3 24.Nxd3 Rc8 25.Rc1 e6 26.Rb5 h4 27.Kf2 Bf6 28.Ke2 Kg7 29.Nb4 Bb2
30.Rc2 Ba3 31.Nd3 exd5 32.Rxd5 Kf6 33.Rc3 Bc5 34.Nxc5 Rxc5 35.Rxd6+ Ke7 36.Rcd3 Rc7
37.R3d4 h3 38.f5 f6 39.gxh3 gxh3 40.Re6+ Kf7 41.Rh4 Rc5 42.e4 Rxc4 43.Rh7+ Rg7
44.Rh6 Rg2+ 45.Kd3 Rxa4 46.Rexf6+ Kg7 47.Rfg6+ Kf7 48.Rh7+ Kf8 49.Rc6 Kg8
50.Rb7 Rg7 51.Rxg7+ Kxg7 52.e5 Rf4 53.Rc7+ Kh6 54.f6 Kg6 55.Rg7+ Kf5 56.Re7  1-0

[Event "11th European Senior Team"]
[Site "Velden AUT"]
[Date "2009.04.06"]
[Round "2"]
[White "Walther,D"]
[Black "Groiss,K"]
[Result "1-0"]
[WhiteElo "2173"]
[BlackElo "2058"]

1.d4 d5 2.Bg5 Nf6 3.Qd3 Ne4 4.Be3 c6 5.f3 Nd6 6.Nd2 Bf5 7.Qb3 Qb6 8.O-O-O e6
9.Bf4 Na6 10.Bxd6 Bxd6 11.e4 dxe4 12.fxe4 Bg6 13.Ngf3 Bf4 14.Bxa6 Qxa6 15.Rhe1 O-O
16.Kb1 Rac8 17.g3 Bh6 18.Ne5 Rcd8 19.Ndf3 c5 20.Ng4 Bh5 21.Nxh6+ gxh6 22.d5 exd5
23.exd5 Rd6 24.Re5 Bg6 25.Rde1 c4 26.Qc3 b5 27.h3 Rb6 28.Qb4 Rbb8 29.Nd4 Qb6
30.Nc6 Ra8 31.Qd6 Qf2 32.R5e2 Qb6 33.Qf6  1-0

[Event "XXXII Open"]
[Site "Donostia San Sebastian ESP"]
[Date "2009.04.07"]
[Round "4"]
[White "Bhat,V"]
[Black "Uriarte Prieto,G"]
[Result "1-0"]
[WhiteElo "2475"]
[BlackElo "2148"]

1.d4 Nf6 2.Bg5 c5 3.Bxf6 exf6 4.Nc3 cxd4 5.Qxd4 Nc6 6.Qe3+ Be7 7.O-O-O O-O
8.Nd5 Bd6 9.Qc3 Be5 10.Qd2 a5 11.e3 Nb4 12.Kb1 Nxd5 13.Qxd5 a4 14.f4 Ra5
15.Qd2 Bc7 16.a3 d5 17.Ne2 Bg4 18.h3 Bxe2 19.Bxe2 Qe7 20.Bf3 Rb5 21.Qd3 Rc5
22.Qxd5 b5 23.Rhe1 Ba5 24.c3 h6 25.e4 Rfc8 26.Rc1 Qc7 27.Qd2 Rd8 28.g4 Qe7
29.h4 Rc4 30.Qg2 Rc5 31.g5 f5 32.exf5 Qd6 33.Rcd1 Rd5 34.Rxd5 Qxd5 35.Re8+  1-0

[Event "ch-WLS"]
[Site "Cardiff WLS"]
[Date "2009.04.11"]
[Round "2"]
[White "Thomas,Jam"]
[Black "Bennion,D"]
[Result "1-0"]
[WhiteElo "1854"]
[BlackElo "2030"]

1.d4 d5 2.Bg5 Nf6 3.e3 Ne4 4.Bf4 e6 5.Nd2 f5 6.Nxe4 dxe4 7.c3 Bd6 8.Ne2 O-O
9.Qb3 Nc6 10.O-O-O b5 11.d5 Na5 12.Qxb5 e5 13.Qxa5 exf4 14.Nxf4 Kh8 15.Ba6 Bxf4
16.exf4 Qd6 17.Bxc8 Qxf4+ 18.Kb1 Qxf2 19.Bb7 Rab8 20.Qxc7 e3 21.d6 e2 22.Rde1 Qe3
23.Kc2 Qe6 24.Qe7 Qg6 25.Bc6 f4+ 26.Qe4 Qxd6 27.Rxe2 Rfc8 28.Bd5 Qa6 29.Bb3 Qb5
30.Rhe1 a5 31.Qa4 Qf5+ 32.Kc1 Qh5 33.Qxf4 Rf8 34.Qd2 Rbd8 35.Qc2 Qg5+ 36.Kb1 Qf4
37.Qe4  1-0

[Event "ch-SRB"]
[Site "Kragujevac SRB"]
[Date "2009.04.11"]
[Round "9"]
[White "Miladinovic,I"]
[Black "Sarenac,I"]
[Result "1-0"]
[WhiteElo "2571"]
[BlackElo "2320"]

1.d4 Nf6 2.Bg5 d5 3.c3 Nbd7 4.Nf3 g6 5.Nbd2 Bg7 6.e3 O-O 7.h3 Re8 8.Bf4 b6
9.Bb5 Bb7 10.Ne5 a6 11.Bd3 Ne4 12.Nxd7 Qxd7 13.Nf3 Nd6 14.h4 c5 15.Ne5 Qe6
16.Qe2 cxd4 17.cxd4 Rac8 18.h5 Rc7 19.hxg6 hxg6 20.Rd1 Rec8 21.f3 Rc1 22.g4 Rxd1+
23.Kxd1 Nc4 24.Qh2 Nxe5 25.Bxe5 f6 26.Bf4 Qc6 27.Qh7+ Kf8 28.Ke2 g5 29.Bg3 e5
30.dxe5 d4 31.Qf5 Re8 32.Rh7 Bc8 33.Qg6 Re7 34.exf6 Rxe3+ 35.Kd2 Rxd3+ 36.Qxd3 Qxf6
37.Rh1 a5 38.Re1 Bd7 39.Be5 Qe7 40.Qxd4  1-0

[Event "XXVII Open"]
[Site "Metz FRA"]
[Date "2009.04.11"]
[Round "1"]
[White "Poussier,T"]
[Black "David,Alb"]
[Result "0-1"]
[WhiteElo "2017"]
[BlackElo "2587"]

1.d4 Nf6 2.Bg5 d5 3.Bxf6 exf6 4.e3 Bd6 5.c4 dxc4 6.Bxc4 O-O 7.Nc3 f5 8.Qc2 Nd7
9.Nf3 Nf6 10.O-O-O Qe7 11.Rhe1 Bb4 12.Kb1 c6 13.Ne5 Be6 14.Bd3 Ne4 15.f3 Nxc3+
16.bxc3 Ba5 17.Nc4 Bc7 18.g4 fxg4 19.fxg4 Bxg4 20.Bxh7+ Kh8 21.Rd2 g6 22.h3 Be6
23.Rg1 Bf5  0-1

[Event "FSIMA April"]
[Site "Budapest HUN"]
[Date "2009.04.12"]
[Round "9"]
[White "Corke,A"]
[Black "Kislik,E"]
[Result "1-0"]
[WhiteElo "2237"]
[BlackElo "2314"]

1.d4 Nf6 2.Bg5 g6 3.Bxf6 exf6 4.e3 f5 5.g3 h5 6.h4 Bh6 7.Bg2 O-O 8.c4 d6
9.Ne2 Nd7 10.Nd2 Nf6 11.Qb3 Ng4 12.Nf4 Re8 13.O-O c6 14.Qd3 a5 15.b3 Re7
16.Rfb1 Qe8 17.Nf1 f6 18.Bf3 Rg7 19.Re1 Bd7 20.Ng2 Kh8 21.Bd1 g5 22.f3 gxh4
23.fxg4 h3 24.Nh4 fxg4 25.Nf5 Bxf5 26.Qxf5 Qf7 27.Bc2 Rg5 28.Qf2 h4 29.Kh2 Rag8
30.e4 R5g7 31.Ne3 hxg3+ 32.Qxg3 Qh5 33.Kh1 Bf4 34.Qxf4 g3 35.Bd1 g2+ 36.Kh2 g1=Q+
37.Rxg1 Rxg1 38.Bxh5 Rxa1 39.Qxf6+ Kh7 40.Qf7+ Kh8 41.Bg6 Rxa2+ 42.Kxh3 Rxg6
43.Qxg6 Rb2 44.Nf5 Rxb3+ 45.Kg4 Rg3+ 46.Kxg3  1-0

[Event "ArcelorMittal Open"]
[Site "Frydek Mistek CZE"]
[Date "2009.04.12"]
[Round "8"]
[White "Jakubek,P"]
[Black "Sustek,V"]
[Result "1-0"]
[WhiteElo "2171"]
[BlackElo "2019"]

1.d4 Nf6 2.Bg5 d5 3.Bxf6 exf6 4.e3 Bd6 5.c4 c6 6.cxd5 cxd5 7.Nc3 Qa5 8.g3 Nc6
9.Bg2 Ne7 10.Qb3 Be6 11.Ne2 g5 12.O-O O-O 13.Qb5 Qxb5 14.Nxb5 Rfd8 15.Rac1 a6
16.Nxd6 Rxd6 17.Rc7 Rd7 18.Rxd7 Bxd7 19.Rc1 Bc6 20.Nc3 Rd8 21.Kf1 Kg7 22.b4 b5
23.Ke1 f5 24.Kd2 Kf6 25.Bf1 Rb8 26.a3 Ke6 27.Bd3 h5 28.h4 g4 29.Ne2 Kd6 30.Nf4 Rh8
31.Rc5 Bd7 32.Kc3 Ra8 33.Nxh5 a5 34.Bxb5 axb4+ 35.Kxb4 Nc6+ 36.Bxc6 Bxc6
37.Nf4 Rb8+ 38.Kc3 Rb1 39.Ra5 Rf1 40.Nd3 f6 41.Kd2 Ra1 42.Nb4 Bb7 43.Ra7 Bc8
44.a4 Rf1 45.Nd3 Ra1 46.a5 Ra2+ 47.Kc3 Ra3+ 48.Kc2 Kc6 49.h5 Ra2+ 50.Kb3 Ra1
51.h6 f4 52.Nxf4 Rb1+ 53.Kc3 Rh1 54.h7 Bf5 55.Rf7 Be4 56.a6 Rxh7 57.Rxh7 Bxh7
58.Nxd5 f5 59.a7 Kb7 60.Kc4 Bg8 61.Kc5  1-0